000 00204nam a2200085Ia 4500
008 250605s9999 xx 000 0 und d
041 _aeng
100 _aSiddharth Sharma
245 _aBNM Business Solutions LLP
999 _c46053
_d46053